Progressively Harder Country Outlines (Europe) Quiz Stats

 Plays Quiz Updated Jul 14, 2016

Challenge
Share
Tweet
Score 0/47 Timer 10:00
11 Plays Today
% Correct
France
98.8%
Italy
98.7%
Spain
96.5%
Germany
95.2%
United Kingdom
94.8%
Norway
92.9%
Sweden
92%
Ireland
90.8%
Portugal
89.1%
Greece
89%
Russia
88.9%
Finland
85%
Poland
82.6%
Iceland
81.7%
Turkey
78.9%
Denmark
77.5%
Austria
77.4%
Netherlands
72.8%
Switzerland
70.8%
Ukraine
66.4%
Croatia
63.2%
Czechia
61%
Belgium
59.9%
Hungary
57.9%
% Correct
Vatican City
56.8%
Cyprus
56.6%
Slovakia
56.1%
Monaco
53.4%
Latvia
52%
Romania
51.3%
Estonia
49.8%
Malta
49.2%
Albania
46.3%
Lithuania
45.6%
Bulgaria
45.2%
Serbia
44.9%
Belarus
43.6%
Bosnia and Herzegovina
43.2%
Luxembourg
41.2%
Macedonia
40.9%
Kosovo
40.5%
Moldova
39.3%
Slovenia
39.2%
Andorra
35.8%
Liechtenstein
35.3%
Montenegro
34.9%
San Marino
32%

You're not logged in!

Compare scores with friends on all Sporcle quizzes.
Join for Free
OR
Log In

You Might Also Like...

Show Comments

Extras

Top Quizzes Today


Score Distribution

Your Account Isn't Verified!

In order to create a playlist on Sporcle, you need to verify the email address you used during registration. Go to your Sporcle Settings to finish the process.

Report this User

Report this user for behavior that violates our Community Guidelines.

Details: